Statistics for Classical symbols of Aphrodite/Venus on a drawing

Click here to take the quiz!

General Stats

  • This quiz has been taken 10 times
  • The average score is 6 of 8

Answers on the Map

Answers color-coded by a green-red scale on the quiz's map according to % correct below.
 

Answer Stats

Attribut% Correct
The rose
100%
The dove
90%
The Girdle
80%
The mirror
80%
The necklace
80%
The seashell
80%
The apple
70%
The wreath
60%

Score Distribution

Percentile by Number Answered

Percent of People with Each Score

Your Score History

You have not taken this quiz